[Event "Titled Tuesday intern op 10th Jan Early"]
[Site "Chess.com INT"]
[Date "2023.01.10"]
[Round "5"]
[White "Harsh, Suresh"]
[Black "Soto Hernandez, Henry"]
[Result "1-0"]
[WhiteElo "2261"]
[BlackElo "2483"]
[PlyCount "57"]
[EventDate "2023.01.10"]
[EventType "swiss (blitz)"]
[EventRounds "11"]
[EventCountry "USA"]
[SourceTitle "EXT 2024"]
[Source "ChessBase"]
[SourceDate "2023.10.10"]
[SourceVersion "1"]
[SourceVersionDate "2023.10.10"]
[SourceQuality "1"]

1. e4 c6 2. d3 d5 3. Nd2 e5 4. Ngf3 Bd6 5. d4 exd4 6. exd5 cxd5 7. Bb5+ Nc6 8. Nxd4 Bd7 9. Nxc6 bxc6 10. Bd3 Nf6 11. 0-0 0-0 12. Nf3 h6 13. h3 c5 14. b3 a5 15. Bb2 a4 16. Qd2 a3 17. Be5 Bxe5 18. Nxe5 Re8 19. Rfe1 Be6 20. Qf4 d4 21. Qf3 Bd5 22. Qg3 Qd6 23. f4 Re7 24. Re2 Rae8 25. Rae1 Bb7 26. Bb5 Qd8 27. Bxe8 Qxe8 28. Ng4 Ne4 29. Rxe4 1-0